000 00867nam a2200253 a 4500
001 58514
003 BD-RjUL
005 20211209080630.0
008 161218s1975 enk||||| |||| 001 0 eng d
020 _a080390505X.
_a0803905076
035 _a(BD-RjUL)58638
040 _dBD-RjUL
_beng
_aBD-RjUL
_cBD-RjUL
041 _aeng
082 0 0 _a306.2
_223
_bPOL 1975
245 0 0 _aPolitical communication :
_bissues and strategies for research /
_cSteven H. Chaffee
260 _aBeverly Hills, Calif. :
_bSage Publications,
_cc1975.
300 _a319 p. :
_bill. ;
_c23 cm.
490 0 _aSage annual reviews of communication research ;
_v v. 4
500 _aIncludes index.
650 0 _aCommunication in politics
_xResearch.
_9173821
700 1 _aChaffee, Steven H.
_9173822
830 _aSage annual reviews of communication research ;
_v v. 4
_9173824
942 _2ddc
_cBK
999 _c58514
_d58514